000 00701nam a2200181 a 4500
001 000048658
005 20201002061316.0
008 190405s2011 000 spa d
020 _a9789945481044
040 _aDO-SdBNP
_bspa
_cBNPHU
245 0 0 _aFundaciones :
_bhistoria y cultura de la primera ciudad euroamericana /
_cJosé Oviedo... [et.al] ; coordinadores Ramón Narpier ...[et.al].
260 _aSanto Domingo :
_bAtajo,
_c2011.
300 _a301 p. ;
_c23 cm.
504 _aBibliografía : p. 255-256
505 0 _aIntroducción --
_tEl rostro taíno --
_tLa primera ciudad de euroamericana --
_tRaíces de la diversidad.
590 _aInventariado, 2019/VM
700 1 _aNarpier, Ramón
_976105
999 _c48146
_d48146